000 01263nam0a22002651 4500
001 rc\1119663
005 20041126174413.0
035 _a(NLR Aleph) 006362747
090 _a4919860
_c4919860
100 _a20041126d1981 u |0rusy50 ca
101 0 _arus
102 _aRU
105 _ay |||||||||
200 1 _aРоль трудового договора и особенности его заключения в производственных объединениях, предприятиях системы Минлегпрома СССР
_eКонспект лекций
_f[Сост. преп. к. ю. н. Бочков А.Ф.]
210 _aМ.
_cБ. и.
_d1981
215 _a52 с.
_d20
300 _aВ надзаг.: М-во лег. пром-сти СССР, Всесоюз. ин-т повышения квалификации руководящих работников и специалистов лег. пром-сти
320 _aБиблиогр.: с. 51
700 1 _aБочков
_bА. Ф.
_gАлександр Федорович
712 0 1 _aСССР
_bМ-во легкой промышленности
_3RU\NLR\AUTH\8813431
801 0 _aRU
_bNLR
_gpsbo
801 1 _aRU
_bELAR
_2rusmarc
852 _aNLR
_j82-4/27312
942 _cBOOK
980 _aNB